| 000 | 00559cam a2200205 a 4500 | ||
|---|---|---|---|
| 001 | 2488055 | ||
| 005 | 20240208050946.0 | ||
| 008 | 910812s1992 nyu b 000 0 eng | ||
| 020 | _a0415904323 : | ||
| 040 |
_aDLC _cDLC _dDLC |
||
| 082 | 0 | 0 |
_a306.7 _220 _bNAT. |
| 245 | 0 | 0 |
_aNationalisms & sexualities / _cedited by Andrew Parker ... [et al.]. |
| 260 |
_aNew York : _bRoutledge, _c1992. |
||
| 300 | _axi, 451 p. ; | ||
| 650 | 0 | _aSex customs | |
| 650 | 0 | _aSex differences | |
| 650 | 0 | _aNational characteristics | |
| 700 | 1 |
_aParker, Andrew, _eedt |
|
| 942 | _cL | ||
| 999 |
_c342 _d342 |
||